Avatar: Herr der Elemente - Intro Lyrics - Statistiken

Allgemein
  • Dieses Quiz wurde 204 mal gespielt
  • Das Durchschnittsergebnis liegt bei 44 aus 91
Antwortstatistiken
Intro Lyrics % Korrekt
Wasser
98%
Erde
97%
Feuer
97%
Luft.
97%
Vor
86%
lebten
79%
langer
77%
Zeit
77%
alle
75%
Nationen
74%
vier
74%
Doch
71%
dann
69%
Harmonie.
69%
Feuernation
68%
in
68%
die
67%
erklärte
65%
den
64%
Krieg
64%
alles
63%
und
63%
uns
63%
4
61%
änderte
61%
Avatar,
61%
der
61%
Elemente,
61%
Herr
61%
sich.
61%
der
60%
Nur
60%
zusammen
60%
sie
55%
aufhalten
53%
hätte
53%
können.
51%
als
50%
am
50%
brauchte,
50%
die
50%
er.
50%
ihn
50%
meisten
50%
Welt
50%
verschwand
49%
Jahre
46%
Aber
45%
Bruder
45%
Einhundert
45%
ich
45%
mein
45%
und
45%
vergingen
45%
und
44%
Avatar,
43%
neuen
43%
den
42%
entdeckten
40%
Luftbändiger
38%
namens
38%
Aang.
37%
einen
37%
Auch
31%
er
31%
wenn
31%
daran,
28%
glaube
28%
Aang
27%
dass
27%
ich
27%
Welt
27%
Aber
26%
diese
26%
eine
26%
lernen,
26%
muss
26%
noch
26%
retten
26%
wird.
26%
bevor
25%
er
25%
Fähigkeiten
25%
Menge
25%
über
25%
verfügt,
25%
enorme
24%
er
24%
kann.
23%
helfen
22%
jemandem
20%
Keine übereinstimmenden Quizze gefunden
Verteilung der Resultate
Anzahl Personen mit jedem Resultat
Perzentil nach korrekt beantworteten Fragen
Ihre Resultats-Entwicklung
Sie haben dieses Quiz noch nicht gespielt